[Event "94th Paris-ch  2019"]
[Site "Paris"]
[Date "2019.07.11"]
[Round "6.7"]
[White "Bonte, Andrei-Mihai"]
[Black "Bharath Subramaniyam H"]
[Result "1-0"]
[WhiteElo "2337"]
[BlackElo "2405"]
[Annotator "TA"]
[PlyCount "321"]
[EventDate "2019.07.07"]
[EventType "swiss"]
[EventCountry "FRA"]
[SourceTitle "playchess.com"]
[Source "ChessBase"]
[SourceQuality "1"]

{[%evp 10,321,22,21,15,16,30,21,25,25,33,20,24,8,4,4,55,47,85,85,71,0,5,8,12,12,15,12,12,0,0,0,0,0,0,0,0,0,0,-143,-27,-35,-40,-79,26,0,427,261,306,308,449,463,843,837,926,556,797,541,939,518,6223,6219,6183,4366,2003,1703,1100,14,14,14,14,14,18,12,17,0,37,37,37,14,23,24,24,0,6,0,0,0,14,14,97,14,14,0,14,5,6,6,16,16,16,16,16,16,16,16,16,0,16,0,48,48,58,16,48,16,16,8,8,8,8,8,16,16,16,16,16,16,16,16,16,16,16,16,16,16,16,16,17,16,17,16,16,16,16,16,48,35,47,17,123,54,95,95,97,97,193,193,193,66,87,59,94,87,95,0,55,0,94,0,131,131,131,98,197,16,16,16,16,16,16,16,16,16,52,49,48,48,48,48,48,48,131,128,143,139,591,591,591,591,598,584,584,584,584,584,1289,1007,865,354,5710,5508,2174,5560,5376,5442,5341,5198,5282,4133,3252,1456,3049,2993,1778,1460,29952,29953,29958,29960,29959,29955,29956,29957,29960,29962,29970,29961,29960,29960,29959,29961,29961,29963,29962,29962,29962,29965,29967,29962,29985,29985,29985,29980,29980,29981,29981,29968,29968,29969,29968,29971,29969,29972,29971,29972,29973,29973,29975,29974,29976,29977,29975,29978,29978,29978,29978,0,29978,29979,29979,29980,29980,29981,29981,29980,29982,29977,29983,29984,29984,29985,29985,29986,29987,29988,29988,29989,29989,29989,29990,29990,29991,29992,29994,29995,29995,29996,29996,29996,29996,29997,29997,4153]} 1. d4 Nf6 2. Nf3 e6 3. g3 b5 4. Bg2 Bb7 5. O-O Be7 6. Qd3 a6 {A46: 1 d4 Nf6 2 Nf3 e6: Torre, London and Colle Systems} 7. Bg5 h6 8. Bxf6 $1 Bxf6 {The position is equal.} 9. c3 $146 ({Predecessor:} 9. Nbd2 d6 10. Nb3 Ra7 11. c3 Nd7 12. a4 bxa4 13. Rxa4 O-O 14. Nfd2 Bxg2 15. Kxg2 {1-0 (39) Bezold,M (2510)-Spiess,G (2408) Germany 2001}) 9... d5 10. a4 bxa4 11. Rxa4 Nd7 12. b4 O-O (12... a5 $11) 13. Nbd2 $14 Rb8 14. Ra5 Re8 15. e4 (15. Nb3 $16) 15... c5 $11 16. dxc5 dxe4 17. Nxe4 Bxe4 18. Qxe4 Bxc3 19. Ra4 a5 $1 {[%cal Ra5b4]} 20. c6 Nf6 21. Qc4 {Strongly threatening c7.} Rxb4 22. c7 Qc8 $1 23. Qxc3 ({But not} 23. Rxb4 axb4 24. Nd4 Bxd4 $17) 23... Rxa4 24. Ne5 (24. Qc6 $11 Rb4 25. Rc1) 24... Rb4 (24... Nd5 $17 25. Qc6 Rd4) 25. Rc1 $1 {next Qc6 is good for White.} Nd5 $1 {[%cal Rd5c3]} 26. Qc6 {[#]} Ne7 (26... Nxc7 $1 $17 27. Qxc7 Qxc7 28. Rxc7 Rb1+ 29. Bf1 Ra8) 27. Qc5 {[#]} Nf5 $2 {[%mdl 8192]} (27... Nd5 $1 $11 {and Black stays safe.}) 28. Qxa5 Rb2 {intending ...Nd4.} 29. Qc3 Rb6 (29... Rb5 $142 30. Bc6 {[%mdl 64] Double Attack} Qxc7) 30. Qc5 $18 Rd6 (30... Ra6 $142 31. Rb1 Ne7) 31. g4 Nd4 32. Rb1 Ne2+ 33. Kh1 Qa6 34. h3 Nf4 (34... Rdd8 $142 35. cxd8=N Rxd8) 35. Rb8 Rd1+ 36. Kh2 Rc8 37. Rxc8+ Qxc8 {[#]} 38. Nc6 $2 (38. Bb7 $1 $18 {[%mdl 512]} Qe8 (38... Qxb7 39. c8=Q+) 39. c8=Q) 38... Nd5 $11 39. Bxd5 Qxc7+ 40. Kg2 Qd7 41. Bf3 Rd2 42. Ne5 Qd8 43. Qa7 Qf6 $1 {[%cal Rf6e5]} 44. Qc7 {Threatens to win with Nd7.} Qf4 45. Qc8+ Kh7 46. Nd7 {Intending Nf8+ and mate.} g6 47. Qe8 h5 48. Qe7 hxg4 49. hxg4 Kh6 (49... Rd3 $11 50. Be2 Rd2) 50. Nf6 (50. Qd8 $1 $16 {[%cal Rd8h8] Hoping for Qh8+.} Kg7 51. g5 Rxd7 52. Qxd7) 50... Kg7 $1 51. Ne4 Rd5 (51... Rd3 $5 52. Ng5 $8 Qf6 $11) 52. Qb4 Rd3 $132 {[%mdl 2048] Black is not holding back} 53. Qb2+ e5 54. Qe2 Rd8 55. Ng3 Rd2 56. Qe4 Qg5 57. Nf1 Rd4 58. Qe3 Qf6 59. Nd2 Rf4 60. Ne4 Qe7 61. Ng3 Rd4 62. Be4 Qh4 63. g5 (63. Qe2 {looks sharper.} Rd8 64. Bf3 Qf6 65. Qb5 Rh8 66. Qd7) 63... Qf4 64. Bf3 Qxe3 65. fxe3 Rd2+ 66. Be2 Kf8 67. Kf3 Ke7 68. Bc4 Rc2 69. Bd3 Rc3 70. Ke2 Ke6 71. Ne4 Rc8 72. Nf6 Rc1 73. Kf3 Rd1 74. Be2 Rg1 75. Nh7 Rh1 76. Bc4+ Ke7 77. Nf6 Rh3+ 78. Kf2 Rh4 79. Bd5 Ra4 (79... Rh3 $11 {remains equal.}) 80. Kf3 (80. e4 $1 $16) 80... Ra7 81. Ke4 Kd6 82. Bb3 Rb7 83. Bc4 $1 Ra7 84. Kf3 (84. Ng4 $1 $18) 84... Kc5 85. Bb3 Kb4 86. Bd5 Kc5 87. Bb3 (87. Kf2 $16) 87... Kd6 (87... Kb4 $11 88. Bd5 Kc5) 88. Ke4 Rb7 89. Bc4 (89. Ba2 $1 $16) 89... Rb4 (89... Ra7 $1 $11) 90. Kd3 $16 Rb7 91. Kc3 Ke7 {[#]} (91... Ra7 $16) 92. Ne4 $2 (92. Ng4 $1 $18) 92... Rb1 $11 93. Bd5 Rd1 94. Bb3 Rc1+ 95. Kd3 Rb1 96. Nd2 Rg1 97. Nf3 $1 {[%cal Rf3g1]} Rg4 {And now ...e4+ would win.} 98. Nxe5 Rxg5 99. Nxf7 Rb5 100. Bc4 Rh5 ({Black should play} 100... Rf5 $14) 101. Kd4 $16 g5 102. Ne5 Rh4+ $2 {[%mdl 8192]} (102... Rh2 $16 103. e4 Rd2+ 104. Ke3 Rc2) 103. e4 $18 {Black must now prevent Ng6+.} Kf6 104. Be2 Ke6 105. Ng4 Rh8 106. Bc4+ Ke7 107. Ke5 Rf8 108. Ne3 Rf2 109. Nf5+ (109. Be6 $142 Kf8 110. Bg4) 109... Kf8 $2 (109... Kd7 110. Bf7 Kc7) 110. Kf6 g4 {[#]} 111. Kg5 $1 Rg2 112. Ne3 Rg1 113. Nxg4 Ke7 114. Kf5 Rc1 115. Bd5 (115. Ne3 $142 Re1 116. Kf4) 115... Rf1+ 116. Ke5 Rf3 117. Nh6 Rh3 118. Nf5+ Kd7 119. Kf6 Rd3 120. Bc4 Rc3 121. Bb5+ Kd8 122. e5 Rc5 123. Ba4 Rc4 124. Bb3 Rb4 125. Bf7 Rb6+ 126. e6 Ra6 127. Kg7 Ra7 128. Kf8 Rc7 129. Nd4 Kc8 130. Nb5 Rc5 131. Nd6+ Kc7 132. e7 Re5 133. e8=Q Rxe8+ 134. Nxe8+ ({Weaker is} 134. Kxe8 Kxd6 $11) 134... Kc6 135. Ke7 Kc5 136. Ke6 Kd4 137. Kf5 Kc3 138. Ke4 Kb2 139. Nd6 Ka1 140. Kd3 Kb1 141. Kc3 Ka1 142. Bg6 Ka2 143. Bf7+ Ka1 $1 144. Nf5 {White mates.} Kb1 145. Nd4 Ka1 146. Nc2+ Kb1 147. Be6 Kc1 148. Ba2 Kd1 149. Nd4 Ke1 150. Kd3 Kf2 151. Ne2 Kf3 152. Be6 Kf2 153. Bd5 Kf1 154. Ke3 Ke1 155. Bb3 Kf1 156. Nf4 Kg1 157. Bc4 Kh1 158. Kf2 Kh2 159. Bf1 Kh1 160. Ne6 Kh2 161. Nd4 {Accuracy: White = 57%, Black = 43%.} 1-0

[Event "94th Paris-ch  2019"]
[Site "Paris"]
[Date "2019.07.11"]
[Round "6.8"]
[White "Bergez, Luc"]
[Black "Moksh Amit Doshi"]
[Result "0-1"]
[WhiteElo "2308"]
[BlackElo "2229"]
[Annotator "TA"]
[PlyCount "86"]
[EventDate "2019.07.07"]
[EventType "swiss"]
[EventCountry "FRA"]
[SourceTitle "playchess.com"]
[Source "ChessBase"]
[SourceQuality "1"]

{[%evp 9,88,23,16,27,24,14,29,23,29,30,45,0,16,2,22,9,23,0,13,0,16,0,23,0,0,0,54,58,57,-52,-42,-230,-254,-270,-267,-279,-263,-599,-606,-606,-633,-600,-614,-614,-609,-580,-650,-625,-630,-565,-624,-643,-629,-641,-622,-713,-716,-764,-666,-654,-623,-590,-576,-1157,-604,-1562,-1533,-1510,-1527,-29989,-29989,-29988,-29989,-29991,-29992,-29992,-29988,-29997,-29998,-29998,-29999]} 1. e4 c5 2. Nf3 d6 3. Bb5+ Nd7 4. O-O a6 5. Bd3 Ngf6 6. c3 {B51: Sicilian: Moscow Variation (3 Bb5+) without 3...Bd7} (6. Re1 e6 7. a4 b6 8. c3 Bb7 9. Qe2 Qc7 10. Na3 Be7 11. Bb1 e5 12. d4 cxd4 13. cxd4 exd4 14. Nxd4 {½-½ (42) Jakovenko,D (2719)-Ding,L (2809) Shenzhen 2019}) 6... b5 7. Bc2 Bb7 8. Re1 {White has an edge.} e5 9. d4 Be7 10. Nbd2 $146 ({Predecessor:} 10. d5 Qc7 11. Nbd2 c4 12. Nf1 {0-1 (71) Iyengar,U (2031)-Wang,J (2396) Santa Clara 2014}) 10... O-O 11. Nf1 Qc7 12. d5 c4 13. Ng3 g6 14. Bh6 Rfc8 15. h3 Nc5 16. Nh2 a5 17. Qf3 Nfd7 ({Better is} 17... Kh8 $11) 18. Ng4 $14 Qd8 19. Nf5 (19. Bd2 $14 Bg5 20. Nh6+ Bxh6 21. Bxh6) 19... gxf5 $15 20. exf5 $2 {[#]} (20. Qxf5 $15 f6 21. a4) 20... Kh8 $19 21. f6 Nxf6 (21... Bxf6 22. Re3 $17) 22. Nxf6 Bxf6 23. Bxh7 $2 (23. Re3 {is tougher.} Nd3 24. Qf5) 23... Kxh7 24. Qh5 {With the idea Re3.} Bxd5 25. Rad1 Be4 {[#] Hoping for ...Bg6.} ({Weaker is} 25... Nd3 26. Re3 $15) 26. Rxe4 Nxe4 27. Be3+ Kg8 28. Qg4+ Ng5 {...Kf8 is the strong threat.} 29. h4 d5 30. hxg5 Bg7 31. g6 Qf6 32. Rxd5 Qxg6 33. Qd1 Qf6 34. Rxb5 Rd8 35. Qg4 Qg6 36. Qxc4 Ra6 37. g4 Rad6 38. Rb7 e4 39. Qe2 Rd1+ {Black mates.} 40. Kg2 Qh7 41. Rb5 Qh1+ 42. Kg3 Re1 43. Qc4 Qf3+ 0-1

[Event "94th Paris-ch  2019"]
[Site "Paris"]
[Date "2019.07.11"]
[Round "6.9"]
[White "Dixit, Nikhil"]
[Black "Ojas Kulkarni"]
[Result "1-0"]
[WhiteElo "2318"]
[BlackElo "2251"]
[Annotator "ChessBase"]
[PlyCount "93"]
[EventDate "2019.07.07"]
[EventType "swiss"]
[EventCountry "FRA"]
[SourceTitle "playchess.com"]
[Source "ChessBase"]
[SourceQuality "1"]
[TimeControl "5400+30"]

1. e4 {[%emt 0:00:00]} c6 {[%emt 0:00:00]} 2. d4 {[%emt 0:00:17]} d5 {[%emt 0:00:00]} 3. Nd2 {[%emt 0:00:07]} dxe4 {[%emt 0:00:00]} 4. Nxe4 {[%emt 0:00:04]} Nf6 {[%emt 0:00:00]} 5. Nxf6+ {[%emt 0:02:20]} exf6 {[%emt 0:00:00]} 6. c3 {[%emt 0:01:24]} Bd6 {[%emt 0:00:02]} 7. Bd3 {[%emt 0:00:31]} O-O {[%emt 0:00:09]} 8. Qc2 {[%emt 0:00:41]} Re8+ {[%emt 0:00:04]} 9. Ne2 {[%emt 0:01:48]} h5 {[%emt 0:00:05]} 10. Be3 {[%emt 0:01:26]} Nd7 {[%emt 0:03:20]} 11. O-O-O {[%emt 0:01:05]} Nf8 {[%emt 0:00:17]} 12. h3 {[%emt 0:10:00]} h4 {[%emt 0:01:55]} 13. Rhg1 {[%emt 0:03:01]} Qa5 {[%emt 0:20:46]} 14. Kb1 {[%emt 0:08:04]} Be6 {[%emt 0:02:54]} 15. b3 {[%emt 0:03:15]} Qc7 {[%emt 0:00:07]} 16. g3 {[%emt 0:13:45]} Bd5 {[%emt 0:17:23]} 17. gxh4 {[%emt 0:20:15]} Bh2 {[%emt 0:03:32]} 18. Ng3 {[%emt 0:02:44]} Bf3 {[%emt 0:08:16]} 19. Nf5 {[%emt 0:06:18]} g6 {[%emt 0:04:25]} 20. Nh6+ {[%emt 0:05:18]} Kh7 {[%emt 0:00:16]} 21. Ng4 {[%emt 0:00:43]} Bxg1 {[%emt 0:10:06]} 22. Nxf6+ {[%emt 0:02:52]} Kh8 {[%emt 0:00:06]} 23. Rxg1 {[%emt 0:00:30]} Qh2 {[%emt 0:02:03]} 24. Qc1 {[%emt 0:00:52]} Re6 {[%emt 0:01:03]} 25. Bf4 {[%emt 0:02:09]} Qxh3 {[%emt 0:00:18]} 26. Be5 {[%emt 0:00:25]} Qxh4 {[%emt 0:06:24]} 27. Qe3 {[%emt 0:01:47]} Rxf6 {[%emt 0:07:55]} 28. Qxf3 {[%emt 0:00:47]} Nh7 {[%emt 0:00:04]} 29. Qh1 {[%emt 0:04:46]} Qxh1 {[%emt 0:07:16]} 30. Rxh1 {[%emt 0:00:12]} Kg8 {[%emt 0:00:08]} 31. Rxh7 {[%emt 0:00:19]} Kxh7 {[%emt 0:00:07]} 32. Bxf6 {[%emt 0:00:04]} Re8 {[%emt 0:00:04]} 33. Kc2 {[%emt 0:00:32]} Kh6 {[%emt 0:02:10]} 34. c4 {[%emt 0:00:41]} Re6 {[%emt 0:02:30]} 35. Be5 {[%emt 0:01:36]} f6 {[%emt 0:02:18]} 36. Bf4+ {[%emt 0:00:23]} Kg7 {[%emt 0:00:40]} 37. d5 {[%emt 0:00:43]} Re8 {[%emt 0:00:26]} 38. Kc3 {[%emt 0:01:56]} Rd8 {[%emt 0:00:18]} 39. Bc7 {[%emt 0:02:43]} Rd7 {[%emt 0:00:11]} 40. d6 {[%emt 0:00:06]} f5 {[%emt 0:00:38]} 41. Kd4 {[%emt 0:00:45]} Kf6 {[%emt 0:00:01]} 42. c5 {[%emt 0:00:51]} Rh7 {[%emt 0:00:11]} 43. Bd8+ {[%emt 0:01:04]} Ke6 {[%emt 0:00:16]} 44. Bc4+ {[%emt 0:00:06]} Kd7 {[%emt 0:00:05]} 45. Bg5 {[%emt 0:00:12]} b5 {[%emt 0:00:25]} 46. cxb6 {[%emt 0:00:34]} axb6 {[%emt 0:00:02]} 47. Ke5 {[%emt 0:00:09]} 1-0

[Event "94th Paris-ch  2019"]
[Site "Paris"]
[Date "2019.07.11"]
[Round "6.10"]
[White "Anand Nadar"]
[Black "Sanchez, Louis"]
[Result "1-0"]
[WhiteElo "2358"]
[BlackElo "2316"]
[Annotator "TA"]
[PlyCount "93"]
[EventDate "2019.07.07"]
[EventType "swiss"]
[EventCountry "FRA"]
[SourceTitle "playchess.com"]
[Source "ChessBase"]
[SourceQuality "1"]

{[%evp 20,93,-1,-8,0,-12,0,-5,9,-8,0,-8,-2,-64,-67,-66,-50,-64,-45,-24,-38,-86,-71,-83,-101,-61,-78,-85,-115,-102,-82,-110,-98,-129,-135,-130,0,0,0,0,0,0,0,-21,-14,-31,-34,-34,-34,-34,-33,-27,1,0,1,0,5875,5711,809,786,673,61,83,60,104,70,353,343,718,718,29995,29996,29996,29997,29997,29998]} 1. d4 Nf6 2. Nf3 d5 3. c4 e6 4. g3 Be7 5. Bg2 O-O 6. O-O dxc4 7. Qc2 a6 8. Qxc4 b5 9. Qc2 Bb7 10. Bd2 Be4 11. Qc1 c6 {E05: Open Catalan: 5 Nf3 Be7} 12. Rd1 Nbd7 13. Nc3 Bg6 {The position is equal.} 14. Bg5 Rc8 {[#]} 15. h3 $146 ({Predecessor:} 15. a3 a5 16. h4 h6 17. Bxf6 Bxf6 18. Qe3 Qb6 19. Ne4 {½-½ (28) Kramnik,V (2787)-So,W (2792) Wijk aan Zee 2018}) 15... b4 16. Nb1 ({White should try} 16. Na4 $11) 16... c5 $15 17. Ne5 Nxe5 18. dxe5 Nd5 19. Bxe7 Qxe7 20. Nd2 {[#] Threatening Nc4.} c4 $1 $36 {[%mdl 2560] Keeping White busy.} 21. Ne4 (21. Nxc4 Nc3) 21... Bxe4 22. Bxe4 Rfd8 23. Qc2 g6 24. Rd4 Qc7 25. Rad1 {[%cal Re4d5]} c3 $1 26. Bf3 {[#]} a5 $1 {[%cal Ba6a5,Ba5b4][%mdl 32]} (26... Qxe5 $6 27. e4 $15) 27. a3 (27. Bxd5 Rxd5 28. Rxd5 exd5 $17) 27... Qxe5 (27... b3 $17 28. Qxb3 Rb8) 28. axb4 $11 axb4 29. bxc3 $1 Rxc3 30. Qb2 Rb8 {Hoping for ...b3.} 31. Bxd5 exd5 32. Qd2 Rc5 {White must now prevent ...b3.} 33. Rxb4 Rxb4 34. Qxb4 Qxe2 $15 {[%mdl 4096] Endgame KQR-KQR} 35. Re1 Qc4 (35... Qb5 $5 {[%cal Rb5b4]} 36. Qd4 Rc4 $15) 36. Re8+ Kg7 37. Qb8 d4 $2 {[%mdl 8192]} (37... Rc7 $11) 38. Rg8+ $18 Kf6 {[#]} 39. Qd6+ $1 Kf5 40. Kh2 $2 ({Only move:} 40. Re8 $18 {[%csl Gg3][%cal Rd6f4]} d3 41. Re3) 40... Ke4 41. Qf4+ {[%mdl 1024] White has strong compensation.} Kd3 {...Rf5 is the strong threat.} 42. Re8 {And now Qe4+ would win.} Kc2 $2 {[%mdl 8192]} ({Not} 42... Rf5 $2 43. Qe4+ Kd2 44. Qe1+ Kd3 45. Qd1+ Kc3 46. Re2 $18) (42... f5 $14) 43. Re1 Kb2 $2 (43... Qc3 44. Rc1+ {[%mdl 64] Skewer} Kb3 45. Qxf7+ Rc4 46. Qb7+ Rb4 47. Rxc3+ dxc3 48. Qf7+ Kb2) 44. Qd2+ Kb3 45. Rb1+ {White mates.} Ka4 46. Qb2 Ka5 47. Qa3+ {Accuracy: White = 48%, Black = 60%.} 1-0

[Event "94th Paris-ch  2019"]
[Site "Paris"]
[Date "2019.07.11"]
[Round "6.11"]
[White "Le Goff, Ronan"]
[Black "Philippe, Guillaume"]
[Result "1/2-1/2"]
[WhiteElo "2281"]
[BlackElo "2344"]
[Annotator "TA"]
[PlyCount "155"]
[EventDate "2019.07.07"]
[EventType "swiss"]
[EventCountry "FRA"]
[SourceTitle "playchess.com"]
[Source "ChessBase"]
[SourceQuality "1"]

{[%evp 20,155,25,0,0,0,0,0,0,0,0,0,0,0,0,-12,-1,-14,-13,-30,-31,-52,0,0,0,-67,-72,-95,-107,-109,-100,-124,-103,-81,-83,-99,-83,-104,-27,-88,-89,-94,-100,-126,-102,-111,-100,-105,-108,-106,-98,-105,-112,-109,-94,-93,-52,-81,-92,-96,-32,-29,-24,-16,-12,-12,-22,-21,-20,-20,-20,-24,-18,-22,-22,-18,0,0,0,0,0,0,0,0,0,0,0,0,0,0,0,0,0,0,0,0,0,0,0,0,0,0,0,0,0,0,0,0,0,-22,-30,-30,-6,-8,-9,-14,0,0,0,0,0,0,0,0,0,0,0,0,0,0,0,0,0,0,0,0,0,0]} 1. d4 Nf6 2. Nf3 e6 3. e3 d5 4. Bd3 c5 5. O-O Nc6 6. b3 Bd6 7. Bb2 O-O 8. c4 cxd4 9. exd4 dxc4 10. bxc4 b6 11. Nc3 Bb7 {D40: Queen's Gambit Declined: Semi-Tarrasch with 5 e3} 12. Ne4 (12. Re1 Ne7 13. Ne5 Rc8 14. Re3 {0-1 (29) Kosic,D (2517)-Cori Tello,J (2609) Baku 2016}) 12... Be7 13. Ng3 Rc8 $146 ({Predecessor:} 13... Nb4 14. Bb1 {½-½ (47) Markos,J (2479)-Panchanathan,M (2339) Athens 2001}) 14. Rc1 g6 15. Qe2 Re8 16. Rfd1 Bf8 17. Qe3 Bg7 18. h3 Qe7 19. Bb1 Na5 20. Ne5 Nd7 (20... Red8 $15) 21. Ba3 $11 Qd8 22. Qf4 ({Better is} 22. c5 $11) 22... f5 $15 23. Bd3 Qc7 $1 $36 {[%mdl 2048] White is under strong pressure.} 24. Re1 {[#]} Nc6 $1 {[%cal Rc6e5]} 25. Bb2 Ncxe5 26. dxe5 Nc5 27. Bf1 Red8 28. Rcd1 Qc6 (28... Ba6 $17 29. Rd6 Qf7) 29. Qg5 (29. Ne2 $1 $11) 29... Rd7 $17 30. Rxd7 Qxd7 31. h4 Kf7 32. h5 Qe7 33. Qe3 Qh4 {Strongly threatening ...f4.} 34. Rd1 f4 (34... gxh5 $6 35. Rd4 $14) 35. Qd4 Qg5 (35... gxh5 $6 36. Ne2 $11) 36. Ne2 {[#]} f3 $1 {[%cal Rf3e2]} ({Much weaker is} 36... gxh5 $6 37. Qxf4+ Qxf4 38. Nxf4 $11) ({Don't play} 36... Qxh5 $6 37. Nxf4 Qg5 38. Nh3 $11) 37. Qf4+ Qxf4 (37... Qf5 {feels hotter.} 38. hxg6+ hxg6 39. Qxf5+ gxf5 40. Nf4 Bc6) 38. Nxf4 g5 39. Nd3 fxg2 (39... Na4 $17 40. Ne1 fxg2) 40. Nxc5 $1 $15 gxf1=Q+ ({Much worse is} 40... Rxc5 $6 41. Rd7+ Kg8 42. Bd3 $14) 41. Kxf1 Bc6 {[#]} 42. Nb7 $1 {[%cal Rb7d6][%mdl 512]} Kg8 (42... Bxb7 43. Rd7+) 43. Nd8 Bf3 44. Rd7 Rxc4 45. Nxe6 {[%mdl 64] Double Attack} Bxe5 $1 46. Rd8+ Kf7 47. Nxg5+ Kf6 48. Nxf3 Bxb2 $11 {[%mdl 4096] Endgame KRB-KRN} 49. Rd6+ Kf5 50. Rd7 h6 51. Rxa7 Kg4 52. Kg2 Kxh5 53. Rd7 Rg4+ 54. Kh3 {aiming for Rd5+.} Rf4 55. Rd5+ Kg6 56. Rd6+ Bf6 57. Kg3 Rb4 58. Ne5+ Kf5 59. Nd7 Bd4 60. Rxh6 Rb2 61. Rh5+ Ke6 62. Nf8+ Ke7 63. Rf5 Rxa2 64. Ng6+ Ke6 65. Rf8 b5 66. f4 {The position is equal.} b4 {White must now prevent ...b3.} 67. f5+ Kd5 {And now ...b3 would win.} 68. f6 Bc5 69. Re8 Bd6+ (69... b3 {is interesting.} 70. Nf4+ Kc4 71. Rc8 b2 72. f7 b1=Q) 70. Nf4+ Bxf4+ 71. Kxf4 {KR-KR} Rf2+ 72. Kg5 b3 73. Rb8 Kc4 74. Kg6 b2 75. f7 {Rxb2! is the strong threat.} Kc3 76. Rxb2 Kxb2 77. Kg7 Rxf7+ 78. Kxf7 {Accuracy: White = 74%, Black = 77%.} 1/2-1/2

[Event "94th Paris-ch  2019"]
[Site "Paris"]
[Date "2019.07.11"]
[Round "6.12"]
[White "Fitzsimons, David"]
[Black "O`Sullivan, Thomas"]
[Result "1-0"]
[WhiteElo "2301"]
[BlackElo "2291"]
[Annotator "TA"]
[PlyCount "75"]
[EventDate "2019.07.07"]
[EventType "swiss"]
[EventCountry "FRA"]

{[%evp 9,81,-6,25,16,19,19,24,20,31,28,28,14,26,18,29,10,22,33,45,41,46,47,42,53,72,54,63,56,129,133,132,134,138,129,182,185,186,181,209,202,208,148,136,135,118,93,230,233,210,190,188,183,213,183,185,194,184,196,276,262,296,309,806,540,1383,878,1914,1618,29980,29979,29988,29989,29989,29990]} 1. e4 c5 2. Nf3 e6 3. g3 Nc6 4. Bg2 Nf6 5. Nc3 $146 (5. d3 d5 6. Nbd2 Be7 7. O-O O-O 8. Re1 b5 9. a4 b4 10. e5 Nd7 11. Nf1 b3 12. c4 dxc4 13. dxc4 Rb8 14. Bd2 Qc7 15. Bc3 Rd8 16. N1d2 Bb7 17. Qe2 Ba8 {1-0 (57) Malakhov,V (2654)-Salgado Lopez,I (2624) Germany 2019}) 5... e5 6. d3 {B40: Sicilian: 2...e6, Unusual lines} d6 7. O-O Be7 8. Nd2 {White has an edge.} O-O 9. Nc4 Bg4 10. f3 Be6 11. f4 exf4 12. gxf4 d5 13. Ne5 dxe4 14. Nxc6 $1 bxc6 15. dxe4 Qd4+ 16. Kh1 $1 Ng4 {White should prevent ...Nf2+.} 17. Qe1 (17. f5 Qxd1 18. Nxd1 Bc4 $11) 17... Bc4 18. Rf3 $1 f5 {[#]} (18... Ba6 $14) 19. e5 $1 $16 Qd8 20. h3 {b3 is the strong threat.} Nh6 21. Be3 Rb8 (21... Be6 $16 22. Rf1 Qc8) 22. b3 $18 Be6 23. Rf1 a6 24. Bxc6 c4 25. Bg2 {Black must now prevent Rd1.} Bb4 26. Bd2 Rf7 27. Ne4 Bd5 (27... fxe4 $16 {is a better defense.} 28. Bxb4 Nf5) 28. Bxb4 Bxe4 29. Bd6 Rc8 30. Rd1 (30. Bxe4 $6 fxe4 31. Qxe4 Nf5 $16) 30... Qb6 31. Qf2 $36 {[%mdl 2048] Black is under strong pressure.} Qc6 32. Rd4 cxb3 33. cxb3 Qb5 (33... Qe8 $142 34. Rfd1 (34. Bxe4 fxe4 35. Rxe4 Nf5 $16) 34... Rd7) 34. Rfd1 ({Weaker is} 34. Bxe4 fxe4 35. Rc4 (35. Rxe4 Nf5 $16) 35... Rxc4 $16) 34... Rc2 35. R4d2 Rc3 $2 (35... Rxd2 36. Qxd2 Kh8) 36. Kh2 Qc6 37. e6 {[#] Threatens to win with Bb4.} Rf6 38. Bb4 {Played: Bd6-e5} 1-0

[Event "94th Paris-ch  2019"]
[Site "Paris"]
[Date "2019.07.11"]
[Round "6.13"]
[White "Hingouet, Matthieu"]
[Black "Akshat, Khamparia"]
[Result "0-1"]
[WhiteElo "2245"]
[BlackElo "2398"]
[Annotator "TA"]
[PlyCount "86"]
[EventDate "2019.07.07"]
[EventType "swiss"]
[EventCountry "FRA"]
[SourceTitle "playchess.com"]
[Source "ChessBase"]
[SourceQuality "1"]

{[%evp 12,85,55,60,104,93,88,62,76,38,44,36,58,9,16,-43,-8,-68,-21,-182,-175,-177,-167,-175,-176,-213,-194,-198,-177,-184,-169,-180,-175,-170,-168,-141,-138,-139,-147,-127,-30,-175,-168,-169,-170,-141,-136,-229,-229,-229,-221,-229,-229,-229,-229,-317,-281,-310,-310,-310,-254,-260,-260,-260,-260,-263,-220,-1620,-1279,-1052,-1032,-5708,-5708,-29996,-29997,-29999]} 1. d4 g6 2. c4 Bg7 3. Nc3 c5 4. d5 Bxc3+ 5. bxc3 f5 6. e4 fxe4 7. f3 e3 {A40: Unusual replies to 1 d4} (7... Nf6 8. Bh6 Qa5 9. Qc2 d6 10. fxe4 Bd7 11. Nf3 Ba4 12. Qb2 Nbd7 13. Bd3 Ng4 14. Bf4 O-O 15. Bg3 {½-½ (84) Bartel,M (2638)-Harikrishna,P (2709) Germany 2013}) 8. Bxe3 d6 9. h4 $146 ({Predecessor:} 9. Bd3 Nd7 10. f4 Qa5 11. Qc2 Ngf6 12. Nf3 Nb6 13. O-O Qa4 14. Qxa4+ Nxa4 15. Rfe1 {0-1 (41) L'Ami,A (2390)-Volodin,A (2506) Stockholm 2013}) 9... Nf6 {White is slightly better.} 10. Nh3 Qa5 11. Qd2 Nbd7 12. Nf4 Ne5 13. Rb1 (13. Be2 $11) 13... Qa6 14. Rb5 (14. Qb2 $11) 14... Bd7 15. Qb2 $2 (15. Rb2 $11) 15... Bxb5 $19 16. cxb5 Qa4 17. Qb3 Qxb3 18. axb3 a6 19. bxa6 bxa6 20. Kd2 Kd7 21. Be2 Rhb8 22. Kc2 a5 23. Ra1 Rb7 24. Ra3 Rab8 25. Bc1 {[#]} h6 ({Black should try} 25... a4 $1 $17 {[%cal Ra4b3]} 26. bxa4 (26. Rxa4 Rxb3) 26... c4) 26. Bc4 (26. Nd3 $1 $11 {and White is okay.}) 26... g5 27. hxg5 hxg5 28. Ne6 g4 29. fxg4 (29. Rxa5 $17 gxf3 30. gxf3) 29... Nxc4 ({But not} 29... Nfxg4 30. Be2 $17) ({Resist} 29... Nexg4 30. Bf4 $17) 30. bxc4 Nxg4 31. Rxa5 Ne5 32. Ra4 Ke8 33. Nf4 Rb1 34. Ne6 Kf7 35. Ng5+ Kf6 {Hoping for ...Rxc1+!} 36. Nf3 R1b7 37. Nxe5 Kxe5 {[%mdl 4096] Endgame KRR-KRB} 38. Kd3 Rb1 39. Be3 $2 (39. Kc2) 39... R8b2 40. Bg5 Rxg2 41. Bxe7 Kf4 {[%cal Rb1d1] [#]} 42. Bxd6+ Kf3 {[%cal Rb1d1]} 43. Bxc5 Rd1# {Accuracy: White = 27%, Black = 64%.} 0-1